[Event "AUTO-INT-1689"]
[Site "http://www.queenalice.com/game.php?id=770016"]
[Date "2010.5.3"]
[Round "1"]
[White "dorszu"]
[Black "Reginaldo187"]
[Result "0-1"]
[WhiteElo "1636"]
[BlackElo "1733"]

1. e4 e5 2. Nf3 Nc6 3. Bc4 Nf6 4. O-O Nxe4 5. Re1 d5 6. Bb3 Bc5 7. Re2 Nxf2 8.
Rxf2 Bxf2+ 9. Kxf2 e4 10. Ne1 Qh4+ 11. Kg1 Bg4 12. Nf3 exf3 13. gxf3 O-O-O 14.
fxg4 Rhe8 15. Kg2 Rd6 16. d4 Rf6 17. Qd2 Qxg4+ 18. Kh1 Rf1# 0-1

[Event "Challenge"]
[Site "http://www.queenalice.com/game.php?id=774565"]
[Date "2010.5.12"]
[Round "-"]
[White "Reginaldo187"]
[Black "Famelo"]
[Result "1-0"]
[WhiteElo "1753"]
[BlackElo "1979"]

1. e4 e6 2. d4 d5 3. e5 c5 4. Nf3 Nc6 5. c3 Nge7 6. Bd3 Bd7 7. Na3 cxd4 8. Nb5
Ng6 9. cxd4 a6 10. Nc3 Bb4 11. h4 Qb6 12. h5 Nge7 13. a3 Bxc3+ 14. bxc3 Na5 15.
h6 g6 16. Rb1 Qc7 17. O-O b5 18. Nh2 Nc4 19. Ng4 O-O-O 20. Bg5 Bc6 21. Qb3 Rdf8
22. a4 Ng8 23. Bxc4 dxc4 24. Qa3 Re8 25. axb5 axb5 26. Rb2 Ne7 27. Nf6 Nd5 28.
Nxe8 Rxe8 29. Ra1 Nb6 30. Rba2 Na4 31. Qb4 Qd7 32. f3 Kc7 33. Rb1 Ra8 34. Ra3
Nb6 35. Rxa8 Nxa8 36. Qc5 Qd5 37. Qf8 Qd7 38. Ra1 Nb6 39. Ra7+ Bb7 40. Bd8+ 1-0

[Event "Achei voçê"]
[Site "http://www.queenalice.com/game.php?id=782631"]
[Date "2010.5.29"]
[Round "-"]
[White "Sasah"]
[Black "Reginaldo187"]
[Result "0-1"]
[WhiteElo "1390"]
[BlackElo "1778"]

1. c4 e5 2. Nc3 Nf6 3. d3 Bb4 4. Bd2 O-O 5. Qa4 Nc6 6. Nf3 d6 7. d4 exd4 8. Nxd4
Nxd4 9. Qxb4 Nc2+ 10. Kd1 Nxb4 11. e4 Ng4 12. Be1 Qf6 13. f3 Ne3+ 14. Kc1 Nxf1
15. Rxf1 Nd3+ 16. Kc2 Nb4+ 17. Kd1 Qd4+ 18. Bd2 Qd3 19. Rf2 Qc2+ 20. Ke2 Nd3 21.
Rff1 Nf4+ 22. Ke3 Nxg2+ 0-1

[Event "AUTO-INT-1689"]
[Site "http://www.queenalice.com/game.php?id=847677"]
[Date "2010.10.18"]
[Round "2"]
[White "Reginaldo187"]
[Black "Markan"]
[Result "1-0"]
[WhiteElo "1792"]
[BlackElo "1708"]

1. e4 e5 2. Nf3 d6 3. d4 Qe7 4. dxe5 dxe5 5. Nc3 f6 6. Be3 Nc6 7. Bc4 Be6 8. Nd5
Bxd5 9. Qxd5 Rd8 10. Qb5 Qb4+ 11. c3 Qxb5 12. Bxb5 a6 13. Bxc6+ bxc6 14. Ke2 g6
15. Rad1 Bd6 16. c4 Be7 17. Rxd8+ Bxd8 18. Rd1 Ne7 19. Rd3 Kf7 20. Ra3 f5 21.
Nxe5+ Ke6 22. Nd3 fxe4 23. Nc5+ Ke5 24. Rxa6 Nf5 25. Rxc6 Nd4+ 26. Bxd4+ Kxd4
27. Ne6+ Ke5 28. b3 Re8 29. Nxd8 Rxd8 30. Rxc7 h5 31. Rc5+ Kd4 32. Rd5+ Rxd5 33.
cxd5 Kxd5 34. h4 Kd4 35. Kd2 1-0

[Event "AUTO-INT-1689"]
[Site "http://www.queenalice.com/game.php?id=847678"]
[Date "2010.10.18"]
[Round "2"]
[White "Markan"]
[Black "Reginaldo187"]
[Result "0-1"]
[WhiteElo "1631"]
[BlackElo "1782"]

1. e4 d6 2. d4 Nf6 3. Bd3 g6 4. e5 dxe5 5. dxe5 Ng4 6. Qe2 Nc6 7. h3 Nd4 8. Qe4
Bf5 9. Qf4 Bh6 10. Qg3 Bxc1 11. hxg4 Bxd3 12. Qxd3 Bxb2 13. c3 Nc6 14. Qb5 Bxa1
15. Qxb7 Nxe5 0-1

[Event "Challenge"]
[Site "http://www.queenalice.com/game.php?id=896858"]
[Date "2011.2.6"]
[Round "-"]
[White "Reginaldo187"]
[Black "plot24"]
[Result "1-0"]
[WhiteElo "1799"]
[BlackElo "1860"]

1. d4 d5 2. c4 dxc4 3. e4 e6 4. Bxc4 c6 5. Nc3 Be7 6. Nf3 b5 7. Bd3 b4 8. Ne2
Nf6 9. Qc2 Qc7 10. Bf4 Qb6 11. O-O a5 12. Rac1 Ba6 13. Bxa6 Rxa6 14. Bxb8 Qxb8
15. Ne5 O-O 16. Nxc6 Re8 17. Nxb8 1-0

[Event "Challenge"]
[Site "http://www.queenalice.com/game.php?id=986797"]
[Date "2011.9.18"]
[Round "-"]
[White "albemo"]
[Black "Reginaldo187"]
[Result "0-1"]
[WhiteElo "1681"]
[BlackElo "1817"]

1. c4 Nf6 2. Nc3 c5 3. Nf3 g6 4. g3 Bg7 5. Bg2 O-O 6. O-O a6 7. a4 Qc7 8. Re1
Nc6 9. e3 d6 10. h3 Be6 11. d3 Nb4 12. Bd2 Nxd3 13. Rf1 Nxb2 14. Rb1 Nxd1 0-1

[Event "Challenge"]
[Site "http://www.queenalice.com/game.php?id=995558"]
[Date "2011.10.10"]
[Round "-"]
[White "Reginaldo187"]
[Black "albemo"]
[Result "1-0"]
[WhiteElo "1874"]
[BlackElo "1902"]

1. d4 Nf6 2. c4 c5 3. d5 g6 4. Nc3 Bg7 5. e4 d6 6. h3 O-O 7. Nf3 a6 8. a4 a5 9.
Bg5 Na6 10. Qd2 Nb4 11. Be2 Bd7 12. O-O Ne8 13. Rfe1 f5 14. Bd1 Nf6 15. e5 dxe5
16. Nxe5 Ra6 17. Bf3 Qe8 18. Re2 Rd6 19. Bf4 Rb6 20. Rae1 Rd6 21. Nf7 Qxf7 22.
Rxe7 1-0

[Event "AUTO-ADV-2326"]
[Site "http://www.queenalice.com/game.php?id=1003116"]
[Date "2011.10.30"]
[Round "1"]
[White "Enxadrista_A"]
[Black "Reginaldo187"]
[Result "0-1"]
[WhiteElo "1922"]
[BlackElo "1922"]

1. e4 c5 2. Nf3 d6 3. d4 cxd4 4. Nxd4 Nf6 5. Nc3 a6 6. f4 e5 7. Nf3 Nbd7 8. a4
Be7 9. Bd3 exf4 10. Bxf4 Nc5 11. O-O Qb6 12. b3 Nxd3+ 13. Kh1 Nxf4 14. Nd4 Ng6
15. Qd3 Ne5 16. Qd2 Qb4 17. Qe3 Nfg4 18. Qd2 Bg5 19. Qxg5 Qxd4 0-1

[Event "AUTO-ADV-2326"]
[Site "http://www.queenalice.com/game.php?id=1003117"]
[Date "2011.10.30"]
[Round "1"]
[White "Reginaldo187"]
[Black "Enxadrista_A"]
[Result "1-0"]
[WhiteElo "1895"]
[BlackElo "1907"]

1. d4 Nf6 2. c4 c5 3. d5 d6 4. Nc3 g6 5. e4 Bg7 6. Bd3 O-O 7. Nge2 e6 8. Bg5 Qb6
9. O-O Nbd7 10. Bc2 Qxb2 11. Rb1 Qa3 12. dxe6 fxe6 13. Ba4 Nxe4 14. Nxe4 Qxa2
15. Nxd6 Nb6 16. Bb3 Qa5 17. Be7 Nd7 18. Nxc8 Rfxc8 19. Qxd7 Rc7 20. Qxe6+ Kh8
21. Nf4 Re8 22. Nd5 Rc6 23. Qd7 1-0

[Event "AUTO-ADV-2326"]
[Site "http://www.queenalice.com/game.php?id=1003132"]
[Date "2011.10.30"]
[Round "1"]
[White "Rubens2009"]
[Black "Reginaldo187"]
[Result "0-1"]
[WhiteElo "1876"]
[BlackElo "1849"]

1. e4 c5 2. Nf3 d6 3. Bc4 Nc6 4. Nc3 a6 5. Nd5 e6 6. Nc3 b5 7. Be2 Nf6 8. d3 Be7
9. O-O O-O 10. Bd2 d5 11. exd5 exd5 12. a3 Re8 13. Re1 Bf5 14. Nh4 Be6 15. f4 d4
16. Ne4 Nxe4 17. dxe4 Bxh4 18. g3 Be7 19. f5 Bc8 20. Bf4 Bg5 21. Bd2 Rxe4 22.
Bd3 Rxe1+ 23. Qxe1 Bxd2 24. Qxd2 Ne5 25. Qf2 Bb7 26. Be2 Qd5 27. Kf1 Re8 28. Re1
Ng4 29. Bxg4 Qh1+ 30. Qg1 Rxe1+ 0-1

[Event "AUTO-ADV-2326"]
[Site "http://www.queenalice.com/game.php?id=1003133"]
[Date "2011.10.30"]
[Round "1"]
[White "Reginaldo187"]
[Black "Rubens2009"]
[Result "1-0"]
[WhiteElo "1830"]
[BlackElo "1895"]

1. d4 d5 2. c4 c5 3. Nf3 Nc6 4. cxd5 Qxd5 5. Nc3 Qd6 6. d5 Nb4 7. e4 Bd7 8. Qb3
g6 9. a3 Na6 10. Qxb7 Nc7 11. Nb5 Bxb5 12. Bxb5+ Kd8 13. Bd2 Qb6 14. Qxb6 axb6
15. Bc6 Rb8 16. Ne5 Bg7 17. Nxf7+ Kc8 18. Rd1 Nf6 19. d6 Ne6 20. Nxh8 Bxh8 21.
dxe7 Kc7 22. Bb5 Nd4 23. Bf4+ 1-0

[Event "AUTO-ADV-2326"]
[Site "http://www.queenalice.com/game.php?id=1003145"]
[Date "2011.10.30"]
[Round "1"]
[White "dorszu"]
[Black "Reginaldo187"]
[Result "0-1"]
[WhiteElo "1778"]
[BlackElo "1911"]

1. d4 Nf6 2. c4 c5 3. d5 g6 4. Nc3 d6 5. g3 Bg7 6. Bg2 Nbd7 7. Qa4 O-O 8. e4 Ne5
9. Kd2 Qa5 10. Qc2 Nxc4+ 11. Kd1 Ng4 12. Nh3 f5 13. Ng5 fxe4 14. Bxe4 Rxf2 15.
Qb3 Nce3+ 16. Ke1 c4 17. Qa3 Qxa3 18. bxa3 Bxc3+ 0-1